Sports Quiz

Random Sports or Basketball Quiz
Score 0/170 Timer 15:00
1 Play Today
Season Player % Correct
2009-2010Kobe Bryant
99.3%
2008-2009Kobe Bryant
99.3%
2007-2008Kobe Bryant
99.3%
2005-2006Kobe Bryant
99.3%
2004-2005Kobe Bryant
99.3%
2002-2003Kobe Bryant
99.3%
2001-2002Kobe Bryant
99.3%
2000-2001Kobe Bryant
99.3%
1998-1999Kobe Bryant
99.3%
2011-2012Kobe Bryant
98.9%
2012-2013Kobe Bryant
98.9%
2014-2015Kobe Bryant
98.8%
2010-2011Kobe Bryant
95.3%
2003-2004Shaquille O'Neal
94.3%
2001-2002Shaquille O'Neal
94.3%
2000-2001Shaquille O'Neal
94.3%
1999-2000Shaquille O'Neal
94.3%
1998-1999Shaquille O'Neal
94.3%
1996-1997Shaquille O'Neal
94.3%
1990-1991Magic Johnson
92.3%
1989-1990Magic Johnson
92.3%
1988-1989Magic Johnson
92.3%
1987-1988Magic Johnson
92.3%
1986-1987Magic Johnson
92.3%
1985-1986Magic Johnson
92.3%
1984-1985Magic Johnson
92.3%
1983-1984Magic Johnson
92.3%
1982-1983Magic Johnson
92.3%
1981-1982Magic Johnson
92.3%
2008-2009Pau Gasol
90%
2014-2015Wesley Johnson
89.7%
1999-2000Derek Fisher
88.5%
2003-2004Derek Fisher
88.2%
2009-2010Derek Fisher
88%
2008-2009Derek Fisher
88%
2007-2008Derek Fisher
88%
2002-2003Derek Fisher
88%
2010-2011Pau Gasol
86.5%
2011-2012Pau Gasol
85.7%
1998-1999Derek Fisher
84.8%
2010-2011Derek Fisher
84.2%
2013-2014Pau Gasol
81.7%
2011-2012Derek Fisher
80.9%
2013-2014Steve Blake
80%
1988-1989Kareem Abdul-Jabbar
79.5%
1987-1988Kareem Abdul-Jabbar
79.5%
1986-1987Kareem Abdul-Jabbar
79.5%
1985-1986Kareem Abdul-Jabbar
79.5%
1984-1985Kareem Abdul-Jabbar
79.5%
1983-1984Kareem Abdul-Jabbar
79.5%
1982-1983Kareem Abdul-Jabbar
79.5%
1981-1982Kareem Abdul-Jabbar
79.5%
2009-2010Andrew Bynum
76.6%
2008-2009Andrew Bynum
76.6%
2006-2007Andrew Bynum
76.6%
2009-2010Lamar Odom
73.8%
2006-2007Lamar Odom
73.4%
Season Player % Correct
2005-2006Lamar Odom
73.4%
2004-2005Lamar Odom
73.4%
2010-2011Lamar Odom
69.9%
2012-2013Dwight Howard
69.8%
1991-1992James Worthy
69.7%
1990-1991James Worthy
69.7%
1989-1990James Worthy
69.7%
1988-1989James Worthy
69.7%
1987-1988James Worthy
69.7%
1986-1987James Worthy
69.7%
1985-1986James Worthy
69.7%
1984-1985James Worthy
69.7%
1983-1984James Worthy
69.7%
1992-1993James Worthy
68%
2009-2010Ron Artest
67.7%
2012-2013Steve Nash
64.7%
2010-2011Ron Artest
64.4%
2012-2013Metta World Peace
61.5%
2001-2002Rick Fox
56.5%
2000-2001Rick Fox
56.5%
1997-1998Rick Fox
56.5%
2003-2004Karl Malone
55.6%
2002-2003Robert Horry
52.7%
1997-1998Robert Horry
52.5%
2003-2004Gary Payton
50.9%
1995-1996Vlade Divac
49.2%
1994-1995Vlade Divac
49.2%
1993-1994Vlade Divac
49.2%
1992-1993Vlade Divac
49.2%
1990-1991Vlade Divac
49.2%
1997-1998Eddie Jones
48%
1996-1997Eddie Jones
48%
1991-1992Byron Scott
47.9%
1990-1991Byron Scott
47.9%
1989-1990Byron Scott
47.9%
1988-1989Byron Scott
47.9%
1987-1988Byron Scott
47.9%
1986-1987Byron Scott
47.9%
1985-1986Byron Scott
47.9%
1984-1985Byron Scott
47.9%
1983-1984Byron Scott
47.9%
1991-1992Vlade Divac
47%
1994-1995Eddie Jones
46%
1992-1993Byron Scott
45.5%
1998-1999Eddie Jones
44.9%
2007-2008Kwame Brown
44.1%
1999-2000A.C. Green
43.4%
1989-1990A.C. Green
43.4%
1988-1989A.C. Green
43.4%
1987-1988A.C. Green
43.4%
1997-1998Nick Van Exel
43.3%
1996-1997Nick Van Exel
43.3%
1995-1996Nick Van Exel
43.3%
1994-1995Nick Van Exel
43.3%
1993-1994Nick Van Exel
43.3%
2005-2006Kwame Brown
42.8%
1990-1991A.C. Green
41.6%
Season Player % Correct
2012-2013Earl Clark
40.3%
1986-1987Kurt Rambis
38.9%
2007-2008Luke Walton
38.7%
2006-2007Luke Walton
38.7%
1985-1986Kurt Rambis
38.7%
1984-1985Kurt Rambis
38.7%
1982-1983Kurt Rambis
38.7%
1981-1982Kurt Rambis
38.7%
2000-2001Horace Grant
37.1%
2000-2001Ron Harper
34.1%
1999-2000Ron Harper
34.1%
2006-2007Smush Parker
33.1%
2005-2006Smush Parker
33.1%
1993-1994Tony Smith
30.5%
1999-2000Glen Rice
29%
2014-2015Jordan Hill
25.4%
2006-2007Sasha Vujacic
22.6%
1989-1990Mychal Thompson
22.4%
2014-2015Jeremy Lin
22%
1996-1997Elden Campbell
21.8%
1995-1996Elden Campbell
21.8%
1995-1996Cedric Ceballos
21%
1994-1995Cedric Ceballos
21%
2003-2004Devean George
20.8%
2002-2003Devean George
20.7%
1996-1997Cedric Ceballos
19.8%
2005-2006Chris Mihm
19.7%
2004-2005Chris Mihm
19.7%
1982-1983Norm Nixon
19.1%
1981-1982Norm Nixon
19.1%
1983-1984Jamaal Wilkes
19.1%
1982-1983Jamaal Wilkes
19.1%
1981-1982Jamaal Wilkes
19.1%
2004-2005Caron Butler
18.5%
1992-1993Sam Perkins
18.5%
2014-2015Carlos Boozer
18.4%
2008-2009Vladimir Radmanovic
17.9%
1991-1992Sam Perkins
16.9%
2001-2002Samaki Walker
16.4%
2013-2014Jodie Meeks
11.2%
2013-2014Nick Young
11%
2013-2014Shawne Williams
10.7%
1997-1998Sean Rooks
10.7%
1992-1993Sedale Threatt
10.5%
1991-1992Sedale Threatt
10.5%
2007-2008Ronny Turiaf
9.3%
1993-1994Trevor Wilson
8.9%
1995-1996George Lynch
8.9%
1994-1995George Lynch
8.9%
2004-2005Chucky Atkins
8.6%
2002-2003Soumaila Samake
8%
2001-2002Lindsey Hunter
7.1%
1998-1999Corie Blount
6.2%
2011-2012Devin Ebanks
5.4%
2011-2012Josh McRoberts
4.7%
1993-1994Antonio Harvey
3.4%
Remove Ads.
Support Sporcle.
Get the best of Sporcle when you Go Orange. This ad-free experience offers more features, more stats, and more fun while also helping to support Sporcle. Thank you for becoming a member.

You're not logged in!

Compare scores with friends on all Sporcle quizzes.
OR
Log In

Sporcle TV

Today on Sporcle TV


Watch our educational content, quiz creation guides, and fun videos on Sporcle TV.

Show Comments

Extras

Top Quizzes Today


Score Distribution

Paid Content

Your Account Isn't Verified!

In order to create a playlist on Sporcle, you need to verify the email address you used during registration. Go to your Sporcle Settings to finish the process.

Report this User

Report this user for behavior that violates our Community Guidelines.

Details: